PRACTICAL INSTRUMENTAL ANALYSIS-I (Record no. 34162)
[ view plain ]
| 000 -LEADER | |
|---|---|
| fixed length control field | 00350nam a22001457a 4500 |
| 003 - CONTROL NUMBER IDENTIFIER | |
| control field | SGT |
| 020 ## - INTERNATIONAL STANDARD BOOK NUMBER | |
| International Standard Book Number | 978-81-932450-7-1 |
| 082 ## - DEWEY DECIMAL CLASSIFICATION NUMBER | |
| Classification number | 543.19 |
| Item number | SRI |
| 100 ## - MAIN ENTRY--PERSONAL NAME | |
| Personal name | SRIVASTAVA, B.B. LAL |
| 245 ## - TITLE STATEMENT | |
| Title | PRACTICAL INSTRUMENTAL ANALYSIS-I |
| 260 ## - PUBLICATION, DISTRIBUTION, ETC. (IMPRINT) | |
| Place of publication, distribution, etc | INDIA |
| Name of publisher, distributor, etc | IP PUB. |
| Year of Publication | 2023 |
| 300 ## - PAGE DESCRIPTION | |
| No. of Pages | 37 |
| 650 ## - SUBJECT ADDED ENTRY--TOPICAL TERM | |
| Topical term or geographic name as entry element | PRACTICAL INSTRUMENTAL ANALYSIS |
| 942 ## - ADDED ENTRY ELEMENTS (KOHA) | |
| Source of classification or shelving scheme | Dewey Decimal Classification |
| Koha item type | Books |
| Withdrawn status | Lost status | Source of classification or shelving scheme | Damaged status | Not for loan | Collection code | Home library | Current library | Shelving location | Date acquired | Vendor Name | Cost, normal purchase price | SGTU | Bill Number | Total Checkouts | Full call number | Accession No. (Barcode) | Date last seen | Bill Date | Koha item type |
|---|---|---|---|---|---|---|---|---|---|---|---|---|---|---|---|---|---|---|---|
| Dewey Decimal Classification | SCIENCE | SGT Science & Social Sciences Library | SGT Science & Social Sciences Library | Text Book | 23/02/2026 | IP PUBLICATION | 200.00 | SGTU | IP/2025/SU/INS338/2 | 543.19 SRI | DP1739 | 23/02/2026 | Books | ||||||
| Dewey Decimal Classification | SCIENCE | SGT Science & Social Sciences Library | SGT Science & Social Sciences Library | Text Book | 23/02/2026 | IP PUBLICATION | 200.00 | SGTU | IP/2025/SU/INS338/2 | 543.19 SRI | DP1740 | 23/02/2026 | Books |